| 000 | 00609nam a2200181Ia 4500 | ||
|---|---|---|---|
| 008 | 100122s9999 xx 000 0 und d | ||
| 082 |
_b68010 _a150 |
||
| 100 | _aGOLDBERG HERB | ||
| 245 | _a"MONEY MADNESS (THE SYCHOLOGY OF SAVING, SPENDING, LOVING & HATING MONEY)" | ||
| 260 |
_bNEW AMERICAN LIBRARY _c1979 |
||
| 300 | _a216 | ||
| 520 | _aPSYCHOLOGY | ||
| 620 | _aPSYCHOLOGY | ||
| 630 | _a"MONEY MADNESS (THE SYCHOLOGY OF SAVING, SPENDING, LOVING & HATING MONEY)" | ||
| 700 | _aLEWIS ROBERT T | ||
| 730 | _a"MONEY MADNESS (THE SYCHOLOGY OF SAVING, SPENDING, LOVING & HATING MONEY)" | ||
| 942 | _cBOOK | ||
| 999 |
_c381256 _d381253 |
||